| 000 | 00412cam a2200169ua 4500 | ||
|---|---|---|---|
| 001 | 3556 | ||
| 008 | 131204n II |||gr||||Z||||||eng | ||
| 040 | _aMAIN | ||
| 041 | _aEnglish | ||
| 082 | _a420.09 WOO | ||
| 100 | _aWOOD, FREDICK T. | ||
| 245 | _aAN OUTLINE HISTORY OF THE ENGLISH LANGUAGE | ||
| 260 |
_aDELHI: _bMACMILLAN, _c1985. |
||
| 300 |
_a305: _c24CM. |
||
| 653 | _aEnglish & Old English | ||
| 942 | _cBK | ||
| 999 |
_c3544 _d3544 |
||